Which of these songs has Weird Al parodied? - Statistics

General Stats
  • This quiz has been taken 141 times
  • The average score is 6 of 12
Answers on the Grid
Answers color-coded by a green-red scale on the quiz's grid according to % correct below.
"Zoot Suit Riot" by the Cherry Poppin' Daddies
"Purple Rain" by Prince
"You Belong With Me" by Taylor Swift
"Smells Like Teen Spirit" by Nirvana
"One Week" by Barenaked Ladies
"My Name Is" by Eminem
"Numb" by U2
"Whatever You Like" by T.I.
"Live and Let Die" by Paul McCarteny
"Black or White" by Michael Jackson
"American Pie" by Don McLean
"Gangsta's Paradise" by Coolio
"Born This Way" by Lady Gaga
"Back in Black" by AC/DC
"Another One Bites the Dust" by Queen
"Happier" by Marshmello ft. Bastille
"It's All About the Benjamins" by Sean "Puff Daddy" Combs
"Down Under" by Men at Work
"Nothin' on You" by B.o.B
"Happy" by Pharrell Williams
 
Answer Stats
Answer % Correct
"Smells Like Teen Spirit" by Nirvana
91%
"Gangsta's Paradise" by Coolio
69%
"Another One Bites the Dust" by Queen
64%
"Happy" by Pharrell Williams
57%
"American Pie" by Don McLean
56%
"Born This Way" by Lady Gaga
53%
"You Belong With Me" by Taylor Swift
45%
"It's All About the Benjamins" by Sean "Puff Daddy" Combs
44%
"Zoot Suit Riot" by the Cherry Poppin' Daddies
41%
"One Week" by Barenaked Ladies
36%
"Whatever You Like" by T.I.
36%
"Nothin' on You" by B.o.B
33%
No matching quizzes found
Score Distribution
Percent of People with Each Score
Percentile by Number Answered
Your Score History
You have not taken this quiz